1303 1620 1689 1515 1523 1056 1005 1702 1290 1439 1059 1107 1913 1930 1272 1242 1741 1836 1323 1966 1829 1942 1898 1086 1207 1263 1273 1149 1177 1912 1303 1024 1016 1475 1210 1185 1463 1875 1770 1548 1487 1243 1182 1946 1472 1809 1011 1821 1693 1367 1736 1943 1679 1559 1779 1425 1918 1025 1062 1460 1829 1310 1101 1868 1427 1698 1788 1362 1457 1915 1027 1501 1009 1045 1497 1606 1776 1164 1046 1672 1268 1637 1009 1522 1919 1703 1777 1892 1729 1858 1444 1551 1379 1096 1748 1900 1136 1071 1534 BCNSPRNW ULIB Ver.6.0+V

เปลี่ยนเป็นภาษาไทย

Change to English
 แสดงรายละเอียดบรรณานุกรม
  กลับหน้าหลัก

Brief Record : Get Marc (ISO 2709) : E-mail record : QR code < ปิดหน้าต่าง
LEADER : 00000nam 2200000uu 4500
001    13399111526
003     ULIB
008    110630s||||||||th 000 0 tha d
020    9786117005015
050  4 BQ4570^bป619ช 2552
100 0  ปิยโสภณ (พระศรีญาณโสภณ)
245 10 ชีวิตสดใสด้วยใจธรรมะ /^cปิยโสภณ (พระศรีญาณโสภณ)
260    กรุงะเทพฯ :^bพิมพ์ดี,^c2552
300    87 หน้า
650  4 ธรรมะกับชีวิตประจำวัน
650  4 ธรรมะ
945    ^p49^l0^i028429
995    ทศพร
999 ^a ใช้งานได้ทุกระบบ
รายการนี้ยังไม่มีแท็ก
คุณยังไม่ได้ล็อกอิน คุณสามารถมีกิจกรรมร่วมกับเว็บไซต์ได้ แต่ต้องล็อกอินก่อน ::
  ล็อกอิน

รายการสื่อสารสนเทศ

ลำดับที่ ประเภท เลขเรียก/บาร์โค้ด สถานที่ สถานะ
- ไม่พบข้อมูล -

รายการใกล้เคียง
    ผู้แต่ง [ปิยโสภณ (พระศรีญาณโสภณ)]

    หัวเรื่อง [ธรรมะกับชีวิตประจำวัน]
    หัวเรื่อง [ธรรมะ]

BibComment


ยังไม่เคยถูกคอมเมนท์

คอมเมนท์ทรัพยากรรายการนี้
  คอมเมนท์: ชีวิตสดใสด้วยใจธร..


 Copyright 2026. Bcnsprnw @Library